Central Library OPAC University of Rajshahi

চট্টগ্রামের কবিয়াল ও কবিগান / (Record no. 48030)

MARC details
000 -LEADER
fixed length control field 00824nam a2200229 a 4500
001 - CONTROL NUMBER
control field 48030
003 - CONTROL NUMBER IDENTIFIER
rucl marc code BD-RjUL
005 - DATE AND TIME OF LATEST TRANSACTION
control field 20211209054438.0
008 - FIXED-LENGTH DATA ELEMENTS--GENERAL INFORMATION
fixed length control field 160811s2003 bg |||| ||| 000 0 ben d
020 ## - INTERNATIONAL STANDARD BOOK NUMBER
International Standard Book Number 9840743686
Terms of availability : Tk. 100.00
035 ## - SYSTEM CONTROL NUMBER
System control number (BD-RjUL)48149
040 ## - CATALOGING SOURCE
Original cataloging agency BD-RjUL
Language of cataloging ben
Transcribing agency BD-RjUL
Modifying agency BD-RjUL
041 ## - LANGUAGE CODE
Language code of text/sound track or separate title ben
082 ## - DEWEY DECIMAL CLASSIFICATION NUMBER
Edition number 23
Classification number 782.42162
Author mark and year CHA 2003
245 10 - TITLE STATEMENT
Title চট্টগ্রামের কবিয়াল ও কবিগান /
Statement of responsibility, etc. এস. এম. নূর-উল-আলম
260 ## - PUBLICATION, DISTRIBUTION, ETC. (IMPRINT)
Place of publication, distribution, etc. ঢাকা :
Name of publisher, distributor, etc. বাংলা একাডেমী,
Date of publication, distribution, etc. ২০০৩
300 ## - PHYSICAL DESCRIPTION
Pagination ১২৮ পৃ. ;
Accompanying material ২১ সেমি.
650 ## - SUBJECT ADDED ENTRY--TOPICAL TERM
Topical term or geographic name as entry element পল্লীগীতি
9 (RLIN) 145650
Topical term or geographic name as entry element Folk Songs
9 (RLIN) 145651
700 ## - ADDED ENTRY--PERSONAL NAME
Personal name এম. নূর-উল-আলম, এস. এম
942 ## - ADDED ENTRY ELEMENTS (KOHA)
Source of classification or shelving scheme Dewey Decimal Classification
Koha item type Books
Holdings
Lost status Source of classification or shelving scheme Damaged status Not for loan Collection code Permanent Location Current Location Shelving location Date acquired Source of acquisition Cost, normal purchase price Total Checkouts Full call number Date last seen Copy number Koha item type Date checked out
  Dewey Decimal Classification     Non-fiction Central Library, University of Rajshahi Central Library, University of Rajshahi   29/07/2012 Bangla Academy , Dhaka 100.00   B 782.42162 CHA 2003 11/08/2016 C-2 Books  
  Dewey Decimal Classification     Non-fiction Central Library, University of Rajshahi Central Library, University of Rajshahi   29/07/2012 Bangla Academy , Dhaka 100.00 2 B 782.42162 CHA 2003 23/07/2023 C-3 Books 20/07/2023
  Dewey Decimal Classification   Not For Loan Non-fiction Central Library, University of Rajshahi Central Library, University of Rajshahi Reading Room 16/08/2009 Dhaka, Bangla Academy 100.00   B 782.42162 CHA 2003 13/02/2017 C-1 Books